| Tag |
First Indicator |
Second Indicator |
Subfields |
| LEADER |
00000cgm a2200000Ma 4500 |
| 001 |
in00005548839 |
| 006 |
m o c |
| 007 |
cr |na---||a|a |
| 007 |
vz |zazu| |
| 008 |
131201s1988 hiu103 g o vuhin d |
| 005 |
20241201230418.4 |
| 035 |
|
|
|a (OCoLC)ocn865004678
|
| 040 |
|
|
|a ALSTP
|b eng
|e pn
|c ALSTP
|d OCLCO
|d OCL
|d OCLCF
|d OCLCO
|d OCL
|d OCLCO
|d OCLCQ
|d OCLCO
|d CUS
|d OCLCO
|d COO
|d OCLCO
|d OCL
|d OCLCO
|d OCLCQ
|d OCLCA
|d YOU
|d OCLCA
|d OCLCO
|d OCLCL
|
| 035 |
|
|
|a (OCoLC)865004678
|
| 041 |
1 |
|
|a hin
|j eng
|h hin
|
| 049 |
|
|
|a TXAM
|
| 245 |
0 |
0 |
|a Suddenly one day /
|c directed by Mrinal Sen.
|
| 246 |
1 |
|
|i Original title:
|a Ek din achanak
|
| 257 |
|
|
|a India
|2 naf
|
| 260 |
|
|
|a Honolulu, HI :
|b Asia Pacific Films,
|c [1988]
|
| 300 |
|
|
|a 1 online resource (1 video file (103 min.)).
|
| 306 |
|
|
|a 014256
|
| 336 |
|
|
|a two-dimensional moving image
|b tdi
|2 rdacontent
|
| 337 |
|
|
|a computer
|b c
|2 rdamedia
|
| 338 |
|
|
|a online resource
|b cr
|2 rdacarrier
|
| 344 |
|
|
|a digital
|2 rda
|
| 347 |
|
|
|a video file
|2 rda
|
| 380 |
|
|
|a Motion pictures
|2 lcgft
|
| 490 |
0 |
|
|a Asian film online
|
| 520 |
|
|
|a A retired professor, Lagoo, suddenly disappears one day. His family is worried especially when he doesn't return after months, and then years. His wife, children and friends, then try to remember him through reconstructed memory, providing the film's flashback structure. Some critics saw this as Mrinal Sen's most personal film. As Sen said: 'Life didn't stop even for a moment. It carried on. But his family - his wife, his children - keep looking back, into the past. Each constantly reconstructs the man in their own minds, aided by fragments of memory. That man and I, that man and you, that man and the rest of us -- one among many. "Believe me, irrespective of who you are and how talented you may be, you are possessed of mediocrity. The minute you are conscious of this within you, your crisis deepens." This is the thought that prompted the film, and perhaps the greatest tragedy in man's life is that he has only that one life.
|
| 500 |
|
|
|a Title from resource description page (viewed Aug. 29, 2013).
|
| 521 |
|
|
|a Cert. N/A [BBFC source].
|
| 546 |
|
|
|a This edition in Hindi with English subtitles.
|
| 586 |
|
|
|a Winner Best Supporting Actress, President's Award, India, 1989
|
| 650 |
|
0 |
|a College teachers
|v Drama.
|
| 650 |
|
0 |
|a Families
|v Drama.
|
| 650 |
|
7 |
|a College teachers.
|2 fast
|0 (OCoLC)fst00868114
|
| 650 |
|
7 |
|a Families.
|2 fast
|0 (OCoLC)fst01728849
|
| 655 |
|
7 |
|a Drama.
|2 fast
|0 (OCoLC)fst01423879
|
| 655 |
|
7 |
|a Feature films.
|2 fast
|0 (OCoLC)fst01710384
|
| 655 |
|
7 |
|a Feature films.
|2 lcgft
|
| 700 |
1 |
|
|a Sen, Mrinal,
|d 1923-2018,
|e film director.
|4 drt
|1 https://id.oclc.org/worldcat/entity/E39PBJxWQqm4xFYBvdMYGtVXBP
|
| 758 |
|
|
|i has work:
|a Suddenly one day (MovingImage)
|1 https://id.oclc.org/worldcat/entity/E39PCGXFDFXbGMkhhB3j4H8bwK
|4 https://id.oclc.org/worldcat/ontology/hasWork
|
| 856 |
4 |
0 |
|u http://proxy.library.tamu.edu/login?url=https://www.aspresolver.com/aspresolver.asp?AVN2;2062385
|z Connect to this streaming video (Alexander Street Press)
|t 0
|
| 955 |
|
|
|a Alexander Street Press subscription streaming video
|
| 994 |
|
|
|a 92
|b TXA
|
| 999 |
f |
f |
|s 99ec5008-937a-4751-a72d-e5f7c846c10e
|i 6f7f76bf-b671-49b4-b0af-92077a3cf9e4
|t 0
|
| 952 |
f |
f |
|a Texas A&M University
|b College Station
|c Electronic Resources
|d Available Online
|t 0
|h Library of Congress classification
|
| 998 |
f |
f |
|t 0
|l Available Online
|